|
|
|
|
| LEADER |
00822nta a2200181 i 4500 |
| 001 |
dipl3136 |
| 005 |
20130314072249.0 |
| 008 |
110415s2007 hu om 0|| hun d |
| 040 |
|
|
|a SZTE Diploma Repozitórium
|b hun
|
| 041 |
|
|
|a hun
|
| 100 |
1 |
|
|a Szentesi Sándor
|
| 245 |
1 |
0 |
|a Kliens-szerver alapú, tápoldatozást segítő applet alkalmazás
|h [elektronikus dokumentum] /
|c Sándor Szentesi
|
| 260 |
|
|
|c 2007
|
| 650 |
|
4 |
|a Informatika
|
| 700 |
1 |
|
|a Ferenc Rudolf
|e ths
|
| 856 |
4 |
0 |
|u http://diploma.bibl.u-szeged.hu/id/eprint/3136/1/2007_szentesi_sandor_p_07_32.pdf
|z Dokumentum-elérés
|
| 856 |
4 |
0 |
|u http://diploma.bibl.u-szeged.hu/id/eprint/3136/2/2007_szentesi_sandor_p_07_32_biralat.pdf
|z Dokumentum-elérés
|
| 856 |
4 |
0 |
|u http://diploma.bibl.u-szeged.hu/id/eprint/3136/3/2007_szentesi_sandor_p_07_32_melleklet.tgz
|z Dokumentum-elérés
|